Betclic 2 Liga - Nagła Śmierć - Statystyki

Ogólne statystyki
  • Ten quiz został rozwiązany 33 razy
  • Średni wynik to 9 z 14
Answers on the Grid
Answers color-coded by a green-red scale on the quiz's grid according to % correct below.
Resovia Rzeszów
Siarka Tarnobrzeg
Pogoń Grodzisk Mazowiecki
Stal Mielec
Rozwój Katowice
Unia Skierniewice
Stal Stalowa Wola
Podbeskidzie B-B
Rekord B-B
Legia Warszawa 2
KSZO Ostrowiec Świętokrzyski
KKS Kalisz
Kotwica Kołobrzeg
Górnik Wałbrzych
Hutnik Kraków
Chojniczanka
Warta Poznań
Świt Skolwin (Szczecin)
Stal Rzeszów
Beskid Andrychów
Olimipia Grudziądz
Sandecja Nowy Sącz
Zagłębie Sosnowiec
GKS Jastrzębie
Górnik Łęczna
Zawisza Bydgoszcz
 
Statystyki odpowiedzi
Odpowiedź % Poprawnych
Świt Skolwin (Szczecin)
76%
Chojniczanka
71%
Olimipia Grudziądz
71%
Unia Skierniewice
71%
Warta Poznań
71%
Podbeskidzie B-B
67%
Resovia Rzeszów
67%
Zagłębie Sosnowiec
67%
Hutnik Kraków
62%
GKS Jastrzębie
62%
KKS Kalisz
62%
Rekord B-B
62%
Sandecja Nowy Sącz
62%
Stal Stalowa Wola
57%
Nie znaleziono quizów pasujących do podanych kryteriów
Rozkład punktacji
Procent ludzi z każdym wynikiem
Percentyl według liczby udzielonych odpowiedzi
Twoja historia wyników
Nie rozwiązałeś tego quizu